| 000 | 01053nas a2200265 i 4500 | ||
|---|---|---|---|
| 001 | 92 | ||
| 003 | ES-MaACL | ||
| 005 | 20250822100003.0 | ||
| 008 | 950801d18691874cu | p | 1 ||pa d | ||
| 080 | _a729.1 | ||
| 245 | 0 | 0 |
_aJuan Palomo _b: semanario satírico / _cdibujante caricaturista, Víctor P. Landaluze (D. Junípero). |
| 260 |
_aHabana : _bJuan Palomo, _c1869-1874 ( _fImp. del Comercio) |
||
| 300 |
_a1 v. : _bil. ; _c39 cm. |
||
| 310 | _aSemanal | ||
| 362 | 0 | _aAño 1 n. 1 (7 nov. 1869)-año 5, n. 16 (15 abril 1874) | |
| 530 | _aDisponible en formato digital. | ||
| 594 | _aVariaciones en el subtít. | ||
| 597 | _aEncuadernado con: L'Echange: journal de l'Association pour la liberté des Echanges. | ||
| 650 | 7 |
_aSátira _2embne _916997 |
|
| 700 | 1 |
_aLandaluze, Víctor Patricio de, _d1828-1889 _9147991 |
|
| 852 | 4 |
_aES-MaACL _jG-4411(2) |
|
| 856 | 4 |
_uhttp://www.memoriademadrid.es/buscador.php?accion=VerFicha&id=307098&num_id=1&num_total=1 _zMemoria de Madrid _z(1869-1872) |
|
| 866 | 0 | _o1869-70. | |
| 999 |
_c92 _d92 |
||